00652nam a2200193 u 450000100100000000500170001000800410002704000130006808200100008110000300009124500650012126000450018630000220023150000210025350400420027404900090031695201180032599900150044300000262620200929150227.0090703s2005 dr r 000 0 spa d aDO-SdBNP bP644a1 aPimentel, Alejandro9146310a[Apuntes jurídicos y filosóficos] /cAlejandro Pimentel. aRepública Dominicana :b[s. n],c2005. a116 p.: ;c22 cm. aIncluye índice aIncluye notas al pie de las páginas aBNPD 001054708PDaPDbPDcCTd2009-07-03iLF1l0o P644ap2626-10r2020-06-25w2020-06-25yLFPDZPréstamo en sala c2462d2462